Vice President's Favorite Movies - Statistics

General Stats
  • This quiz has been taken 27 times
  • The average score is 6 of 11
Answer Stats
Picture Hint Answer % Correct
Gerald Ford Home Alone
96%
Mike Pence The Wizard of Oz
88%
Dan Quayle Ferris Bueller's Day Off
75%
Richard Nixon Patton
75%
JD Vance Forgetting Sarah Marshall
58%
Joe Biden Chariots of Fire
54%
Kamala Harris My Cousin Vinny
54%
Al Gore The Big Short
54%
Lyndon B. Johnson The Searchers
38%
George H.W. Bush Viva Zapata!
29%
Harry S. Truman My Darling Clementine
25%
No matching quizzes found
Score Distribution
Percent of People with Each Score
Percentile by Number Answered
Your Score History
You have not taken this quiz